[Event "EU-chT Seniors 65"]
[Site "Terme Catez"]
[Date "2024.05.14"]
[Round "8.4"]
[White "Kradolfer, Georg"]
[Black "Mravunac, Damir"]
[Result "0-1"]
[WhiteElo "1954"]
[BlackElo "2040"]
[PlyCount "106"]
[EventDate "2024.05.07"]
[EventType "team-swiss"]
[EventRounds "9"]
[EventCountry "SLO"]
[SourceTitle "CBM 220 Extra"]
[Source "ChessBase"]
[SourceDate "2024.07.31"]
[SourceVersion "1"]
[SourceVersionDate "2024.07.31"]
[SourceQuality "1"]
[WhiteTeam "Switzerland 65"]
[BlackTeam "Croatia Sesvete 65"]
[WhiteTeamCountry "SUI"]
[BlackTeamCountry "CRO"]

1. c4 e6 2. Nc3 b6 3. Nf3 f5 4. g3 Bb7 5. Bg2 Nf6 6. d3 Bb4 7. Qb3 a5 8. 0-0 0-0 9. a3 Bxc3 10. Qxc3 d6 11. Nd4 Bxg2 12. Kxg2 Qe8 13. f3 h6 14. Bd2 Nc6 15. Nxc6 Qxc6 16. h3 e5 17. d4 Rae8 18. d5 Qd7 19. b4 a4 20. Rac1 Qf7 21. e4 fxe4 22. fxe4 Qg6 23. Qd3 Qxe4+ 24. Qxe4 Nxe4 25. Be3 Rxf1 26. Rxf1 Nf6 27. Bxh6 b5 28. Bd2 bxc4 29. Rc1 Nxd5 30. Rxc4 Kf7 31. Rc6 Ra8 32. Kf3 Ke6 33. Kg4 Kd7 34. Rc2 Rf8 35. Bg5 Rf1 36. Kh5 Rf3 37. Rg2 Ne7 38. Bxe7 Kxe7 39. Kg6 Rf7 40. h4 Ke6 41. h5 e4 42. g4 d5 43. Rc2 Rd7 44. g5 e3 45. Re2 d4 46. h6 gxh6 47. gxh6 Ke5 48. h7 Rd8 49. Rc2 d3 50. Rxc7 e2 51. Rd7 Rb8 52. Rb7 Rh8 53. Rd7 d2 0-1

[Event "EU-chT Seniors 65"]
[Site "Terme Catez"]
[Date "2024.05.09"]
[Round "3.4"]
[White "Mravunac, Damir"]
[Black "Petran, Peter"]
[Result "0-1"]
[WhiteElo "2040"]
[BlackElo "2191"]
[PlyCount "90"]
[EventDate "2024.05.07"]
[EventType "team-swiss"]
[EventRounds "9"]
[EventCountry "SLO"]
[SourceTitle "CBM 220 Extra"]
[Source "ChessBase"]
[SourceDate "2024.07.31"]
[SourceVersion "1"]
[SourceVersionDate "2024.07.31"]
[SourceQuality "1"]
[WhiteTeam "Croatia Sesvete 65"]
[BlackTeam "Slovakia 65"]
[WhiteTeamCountry "CRO"]
[BlackTeamCountry "SVK"]

1. e4 g6 2. d4 Bg7 3. Nc3 c6 4. Be2 b5 5. Be3 d6 6. Qd2 Nd7 7. a3 a6 8. f4 Bb7 9. Nf3 Qc7 10. 0-0 Ngf6 11. e5 Nd5 12. Nxd5 cxd5 13. e6 fxe6 14. Ng5 Nf8 15. a4 h6 16. Nf3 bxa4 17. Rxa4 Kf7 18. Bd3 Bf6 19. g4 Kg8 20. c3 a5 21. Rfa1 Bc6 22. R4a2 a4 23. b3 Rc8 24. bxa4 Qa5 25. Qc2 Be8 26. Bd2 g5 27. Rc1 gxf4 28. Bxf4 Bg7 29. Bd2 e5 30. Qb3 Qa7 31. c4 e4 32. c5 exd3 33. Be3 dxc5 34. dxc5 Bf7 35. Nd4 e5 36. Nb5 Qd7 37. Rf1 d4 38. Rxf7 Qxf7 39. Qxf7+ Kxf7 40. Nd6+ Ke6 41. Nxc8 dxe3 42. Kf1 Nd7 43. Nb6 Nxc5 44. Nc4 e2+ 45. Ke1 e4 0-1

[Event "Oskarja Memorial 10th"]
[Site "Chess.com INT"]
[Date "2021.01.16"]
[Round "14"]
[White "Begic, Domagoj"]
[Black "Mravunac, Damir"]
[Result "1-0"]
[WhiteElo "1873"]
[BlackElo "2105"]
[PlyCount "71"]
[EventDate "2021.01.16"]
[EventType "swiss (blitz)"]
[EventRounds "15"]
[EventCountry "SLO"]
[SourceTitle "CBM 200 Extra"]
[Source "ChessBase"]
[SourceDate "2021.03.31"]
[SourceVersion "1"]
[SourceVersionDate "2021.03.31"]
[SourceQuality "1"]

1. d4 e6 2. Nf3 f5 3. g3 b6 4. Bg2 Bb7 5. 0-0 Nf6 6. c4 a5 7. Nc3 Bb4 8. Bg5 0-0 9. Bxf6 Qxf6 10. Qc2 Bxc3 11. Qxc3 d6 12. Rfe1 Nd7 13. Rad1 Rae8 14. b3 f4 15. e4 fxg3 16. fxg3 e5 17. dxe5 Nxe5 18. Nxe5 Rxe5 19. Rf1 Qe7 20. Rxf8+ Qxf8 21. Rf1 Qe7 22. c5 Rxc5 23. Qd4 Qe5 24. Qf2 Qe7 25. Qd4 h6 26. a3 Kh7 27. b4 Qe5 28. Qf2 axb4 29. axb4 Rc4 30. Qf7 Bxe4 31. Qxc4 d5 32. Qe2 c5 33. bxc5 bxc5 34. Bxe4+ dxe4 35. Re1 Qd4+ 36. Kg2 1-0

[Event "Oskarja Memorial 10th"]
[Site "Chess.com INT"]
[Date "2021.01.16"]
[Round "10"]
[White "Mravunac, Damir"]
[Black "Gasparic, Stojan"]
[Result "0-1"]
[WhiteElo "2105"]
[BlackElo "1961"]
[PlyCount "140"]
[EventDate "2021.01.16"]
[EventType "swiss (blitz)"]
[EventRounds "15"]
[EventCountry "SLO"]
[SourceTitle "CBM 200 Extra"]
[Source "ChessBase"]
[SourceDate "2021.03.31"]
[SourceVersion "1"]
[SourceVersionDate "2021.03.31"]
[SourceQuality "1"]

1. e4 d6 2. d4 g6 3. Bc4 Bg7 4. h4 h5 5. Nh3 c6 6. c3 Nf6 7. Ng5 0-0 8. Qe2 d5 9. exd5 cxd5 10. Bd3 Nc6 11. Bf4 Re8 12. 0-0 Ng4 13. Nd2 e5 14. dxe5 Ncxe5 15. Bb5 Nc6 16. Qf3 Be6 17. Rfe1 Qb6 18. Nxe6 Rxe6 19. Rxe6 fxe6 20. Qe2 Re8 21. Bd3 Ne7 22. Nb3 Nf5 23. Bxf5 gxf5 24. Be3 Qd6 25. g3 Qe5 26. Re1 Nxe3 27. Qxe3 Qxe3 28. Rxe3 Kf7 29. f4 Bf6 30. Kf2 Bd8 31. Kf3 a6 32. Rd3 Bb6 33. a4 Rc8 34. Nd2 Ke7 35. Ke2 Kd6 36. Nf3 Rg8 37. Ne5 Bc7 38. Kf2 Ke7 39. Nf3 Kf6 40. b3 Rc8 41. Ke2 Bb6 42. Ne5 Bc7 43. Nd7+ Ke7 44. Nc5 Bxf4 45. Nxe6 Kxe6 46. gxf4 Rg8 47. Kf3 Rg4 48. Re3+ Kf6 49. Re5 Rxh4 50. Rxd5 Rh3+ 51. Ke2 Rxc3 52. Rd6+ Ke7 53. Rb6 Rc7 54. Kf2 Kd8 55. Kg3 Kc8 56. Kh4 Rg7 57. Rf6 Rg4+ 58. Kxh5 Rxf4 59. Rb6 Kc7 60. a5 Rf1 61. Kg5 f4 62. Rf6 f3 63. Kg4 f2 64. Kg3 Rb1 65. Kxf2 Rb2+ 66. Ke3 Rxb3+ 67. Kd4 Rb5 68. Kc4 Rxa5 69. Rf7+ Kb8 70. Rf6 Ka7 0-1

[Event "Oskarja Memorial 10th"]
[Site "Chess.com INT"]
[Date "2021.01.16"]
[Round "13"]
[White "Mravunac, Damir"]
[Black "Gombac, Jan"]
[Result "0-1"]
[WhiteElo "2105"]
[BlackElo "2256"]
[PlyCount "114"]
[EventDate "2021.01.16"]
[EventType "swiss (blitz)"]
[EventRounds "15"]
[EventCountry "SLO"]
[SourceTitle "CBM 200 Extra"]
[Source "ChessBase"]
[SourceDate "2021.03.31"]
[SourceVersion "1"]
[SourceVersionDate "2021.03.31"]
[SourceQuality "1"]

1. f4 d5 2. b3 Nf6 3. Nf3 c5 4. e3 a6 5. Bb2 e6 6. Be2 Nc6 7. 0-0 Bd6 8. Qe1 0-0 9. Qg3 d4 10. a4 Ne4 11. Qe1 dxe3 12. dxe3 Qe7 13. Na3 Bc7 14. Bd3 Nf6 15. Ng5 e5 16. Qh4 h6 17. fxe5 Bxe5 18. Bxe5 Qxe5 19. Nf3 Qxe3+ 20. Kh1 Nd4 21. Nc4 Nxf3 22. Rxf3 Qd4 23. Qxd4 cxd4 24. Nb6 Rb8 25. a5 Be6 26. Rf4 Rfd8 27. Re1 Rd6 28. h3 Rbd8 29. Re5 Nd7 30. Nxd7 R8xd7 31. Rc5 Rd5 32. Rc8+ Rd8 33. Rc7 R5d7 34. Rxd7 Rxd7 35. Kg1 Kf8 36. Kf2 Ke7 37. Re4 f5 38. Re1 Kf6 39. Ra1 g5 40. Ra4 h5 41. Rb4 g4 42. Rb6 Ke5 43. h4 f4 44. Ke2 g3 45. Kf1 Bg4 46. Rg6 f3 47. Rg5+ Kf4 48. gxf3 Bh3+ 49. Ke1 Re7+ 50. Kd2 g2 51. Be4 Bg4 52. fxg4 g1Q 53. gxh5 Qe3+ 54. Kd1 Rxe4 55. Rg1 Qxg1+ 56. Kd2 Qe3+ 57. Kd1 Qe1# 0-1

[Event "Oskarja Memorial 10th"]
[Site "Chess.com INT"]
[Date "2021.01.16"]
[Round "7"]
[White "Peric, Bernard"]
[Black "Mravunac, Damir"]
[Result "1-0"]
[WhiteElo "2196"]
[BlackElo "2105"]
[PlyCount "75"]
[EventDate "2021.01.16"]
[EventType "swiss (blitz)"]
[EventRounds "15"]
[EventCountry "SLO"]
[SourceTitle "CBM 200 Extra"]
[Source "ChessBase"]
[SourceDate "2021.03.31"]
[SourceVersion "1"]
[SourceVersionDate "2021.03.31"]
[SourceQuality "1"]

1. d4 e6 2. Nf3 f5 3. g3 b6 4. Bg2 Bb7 5. 0-0 Nf6 6. c4 a5 7. Bf4 h6 8. Nc3 Bb4 9. d5 Bxc3 10. bxc3 Na6 11. d6 0-0 12. dxc7 Nxc7 13. Rb1 Nce8 14. c5 Ra6 15. cxb6 Rxb6 16. Qd4 Rxb1 17. Rxb1 Be4 18. Rb8 Qe7 19. Ne5 Kh7 20. f3 Bd5 21. e4 fxe4 22. fxe4 Bxa2 23. Nd3 d6 24. e5 dxe5 25. Nxe5 Bb1 26. Rxb1 Nd6 27. Nc6 e5 28. Bxe5 Qc7 29. Bxd6 Qxd6 30. Qxd6 Rd8 31. Nxd8 h5 32. Nf7 h4 33. Ng5+ Kg6 34. gxh4 Kh5 35. Qf4 Ne4 36. Bf3+ Kg6 37. Qf7+ Kh6 38. Qh5# 1-0

[Event "EU-ch Online U2300 Qual"]
[Site "Chess.com INT"]
[Date "2020.05.25"]
[Round "3"]
[White "Kamer, Kayra"]
[Black "Mravunac, Damir"]
[Result "1-0"]
[WhiteElo "2325"]
[BlackElo "2132"]
[PlyCount "97"]
[EventDate "2020.05.25"]
[EventType "swiss"]
[EventRounds "8"]
[EventCountry "NET"]
[SourceTitle "EXT 2021"]
[Source "ChessBase"]
[SourceDate "2020.10.23"]
[SourceVersion "1"]
[SourceVersionDate "2020.10.23"]
[SourceQuality "1"]

1. e4 c5 2. Nf3 e6 3. d4 cxd4 4. Nxd4 a6 5. Nc3 Qc7 6. Bd3 Nf6 7. 0-0 Bc5 8. Nf3 Nc6 9. Qe2 Ng4 10. g3 h5 11. Bf4 d6 12. h3 Nge5 13. Nxe5 dxe5 14. Be3 Nd4 15. Qd1 b5 16. Ne2 Nf3+ 17. Kg2 Bxe3 18. Kxf3 Bb6 19. Kg2 Bb7 20. a4 b4 21. Nc1 f5 22. Qe2 0-0 23. f3 Qe7 24. Nb3 Qg5 25. exf5 exf5 26. Qxe5 Rae8 27. Qf4 Qf6 28. Rae1 g5 29. Qxb4 Rxe1 30. Rxe1 g4 31. Qc4+ Kg7 32. Re6 gxf3+ 33. Kf1 Qd8 34. Qf4 Rf6 35. Qg5+ Kf7 36. Rxf6+ Qxf6 37. Qxf5 Qxf5 38. Bxf5 Be3 39. Na5 Bd5 40. Bd3 Be6 41. Bc4 Kf6 42. Bxe6 Kxe6 43. Nc4 Bd4 44. c3 Ba7 45. Nd2 f2 46. Ne4 a5 47. Nxf2 Kf5 48. Ke2 Bb8 49. Kf3 1-0

[Event "EU-ch Online U2300 Qual"]
[Site "Chess.com INT"]
[Date "2020.05.25"]
[Round "2"]
[White "Mravunac, Damir"]
[Black "Marn, Jan"]
[Result "0-1"]
[WhiteElo "2132"]
[BlackElo "2360"]
[PlyCount "120"]
[EventDate "2020.05.25"]
[EventType "swiss"]
[EventRounds "8"]
[EventCountry "NET"]
[SourceTitle "EXT 2021"]
[Source "ChessBase"]
[SourceDate "2020.10.23"]
[SourceVersion "1"]
[SourceVersionDate "2020.10.23"]
[SourceQuality "1"]

1. f4 d5 2. b3 Nf6 3. Nf3 g6 4. Bb2 Bg7 5. e3 0-0 6. Be2 c5 7. 0-0 Nc6 8. Qe1 Bf5 9. d3 Rc8 10. h3 a6 11. Nbd2 b5 12. g4 Bd7 13. Ne5 d4 14. Nxc6 Bxc6 15. e4 e5 16. f5 Bh6 17. Nf3 Be3+ 18. Kg2 Nxe4 19. dxe4 Bxe4 20. Bc1 Bxc1 21. Qxc1 Bb7 22. Kg1 e4 23. Nh2 e3 24. Qe1 g5 25. h4 c4 26. bxc4 bxc4 27. Rd1 Be4 28. hxg5 Bxc2 29. Rc1 d3 30. Rxc2 dxc2 31. Nf3 f6 32. Qc3 Qc7 33. Kg2 Rfe8 34. Qxc2 fxg5 35. Rc1 Qf4 36. Kh3 Rc6 37. f6 Rxf6 38. Qxc4+ Qxc4 39. Bxc4+ Kh8 40. Be2 h6 41. Kg3 Rb6 42. Rh1 Kg7 43. Rc1 Rb2 44. a4 Rxe2 45. Rc7+ Kf8 46. Rc6 Ra2 47. Rxa6 e2 48. Ne1 Ra1 49. Kf2 Kg7 50. a5 Rf8+ 51. Kxe2 Re8+ 52. Kd3 Raxe1 53. Ra7+ R1e7 54. Ra6 Rd8+ 55. Kc4 Rc7+ 56. Kb5 Rb8+ 57. Ka4 Rc1 58. Rb6 Rxb6 59. axb6 h5 60. gxh5 Kh6 0-1

[Event "CRO-ch Seniors"]
[Site "Malinska"]
[Date "2018.11.07"]
[Round "5"]
[White "Mravunac, Damir"]
[Black "Martic, Zlatko"]
[Result "1/2-1/2"]
[WhiteElo "2196"]
[BlackElo "2267"]
[PlyCount "111"]
[EventDate "2018.11.04"]
[EventType "swiss"]
[EventRounds "7"]
[EventCountry "CRO"]
[SourceTitle "CBM 187 Extra"]
[Source "ChessBase"]
[SourceDate "2018.11.04"]
[SourceVersion "1"]
[SourceVersionDate "2018.11.04"]
[SourceQuality "1"]

1. e4 c5 2. Nf3 e6 3. d4 cxd4 4. Nxd4 Nc6 5. Nc3 Qc7 6. Be2 a6 7. Nxc6 bxc6 8. 0-0 Nf6 9. Be3 d5 10. Bf3 Bd6 11. h3 0-0 12. exd5 cxd5 13. Na4 Rb8 14. b3 Bd7 15. Nb2 Be5 16. Bd4 Bxd4 17. Qxd4 Qxc2 18. Rac1 Qf5 19. Rc7 e5 20. Qc5 Rbc8 21. Nd1 d4 22. Bb7 Rxc7 23. Qxc7 Bb5 24. Re1 Qd3 25. Qa5 Rb8 26. Qc7 Re8 27. Qa5 Rb8 28. Qc7 Nd7 29. Kh1 Qd2 30. Rg1 Qxa2 31. Bc8 Rxc8 32. Qxc8+ Nf8 33. Qc5 Qe2 34. f3 h6 35. Qb4 Ng6 36. Qe1 Qc2 37. b4 f5 38. Nf2 d3 39. Qe3 Qc4 40. Rb1 Qc3 41. h4 Nxh4 42. Rc1 Qxb4 43. Qxe5 d2 44. Rc7 Qf8 45. Qd5+ Kh7 46. Qxd2 Qf6 47. Qc1 Qg6 48. Qg1 Qg3 49. Rc3 Ng6 50. Nh3 Qd6 51. Qc1 Qd4 52. Qe1 Qd6 53. Re3 Qd4 54. Re6 Bc4 55. Rc6 Bb5 56. Re6 1/2-1/2

[Event "CRO-ch Seniors"]
[Site "Malinska"]
[Date "2018.11.05"]
[Round "2"]
[White "Fucak, Emilijo"]
[Black "Mravunac, Damir"]
[Result "1/2-1/2"]
[WhiteElo "2199"]
[BlackElo "2196"]
[PlyCount "88"]
[EventDate "2018.11.04"]
[EventType "swiss"]
[EventRounds "7"]
[EventCountry "CRO"]
[SourceTitle "CBM 187 Extra"]
[Source "ChessBase"]
[SourceDate "2018.11.04"]
[SourceVersion "1"]
[SourceVersionDate "2018.11.04"]
[SourceQuality "1"]

1. Nf3 e6 2. d4 f5 3. g3 b6 4. Bg2 Bb7 5. 0-0 Nf6 6. c4 a5 7. Nc3 Bb4 8. Qc2 0-0 9. Rd1 Bxc3 10. Qxc3 h6 11. b3 d6 12. a3 Qe8 13. Bb2 Be4 14. c5 Nd5 15. Qc4 b5 16. Qc1 Nd7 17. Qd2 Qh5 18. Rac1 N7f6 19. cxd6 cxd6 20. Rc6 Ne3 21. Qxe3 Bxc6 22. Qxe6+ Kh8 23. d5 Bb7 24. Qxd6 Rad8 25. Qb6 Rxd5 26. Rxd5 Bxd5 27. Qxb5 f4 28. Bxf6 Rxf6 29. Qxa5 fxg3 30. hxg3 Qf5 31. b4 g5 32. Qd8+ Rf8 33. Qd6 Kg7 34. Qe7+ Kg8 35. Qe3 Qf6 36. Nh2 Bxg2 37. Kxg2 Qc6+ 38. f3 Re8 39. Qd3 h5 40. b5 Qe6 41. Kf2 Qb6+ 42. Kg2 Qe6 43. Kf2 Qb6+ 44. Kg2 Qe6 1/2-1/2

[Event "Zagreb Damjanovic Memorial 1st"]
[Site "Zagreb"]
[Date "2016.11.12"]
[Round "3"]
[White "Mravunac, Damir"]
[Black "Kovac, Mihael"]
[Result "1-0"]
[WhiteElo "2195"]
[BlackElo "1674"]
[PlyCount "75"]
[EventDate "2016.11.10"]
[EventType "swiss"]
[EventRounds "9"]
[EventCountry "CRO"]
[SourceTitle "CBM 175 Extra"]
[Source "ChessBase"]
[SourceDate "2016.12.12"]
[SourceVersion "1"]
[SourceVersionDate "2016.12.12"]
[SourceQuality "1"]

1. Nf3 Nf6 2. c4 b6 3. g3 Bb7 4. Nc3 g6 5. Bg2 Bg7 6. 0-0 0-0 7. Qc2 c5 8. e4 d6 9. d4 cxd4 10. Nxd4 a6 11. Rd1 Qc7 12. b3 Nbd7 13. Bb2 e6 14. Rac1 Rfd8 15. h3 Rac8 16. Qe2 Qb8 17. Nc2 Nc5 18. Nb4 Ne8 19. Nd3 Nc7 20. Nf4 a5 21. h4 Ba6 22. h5 b5 23. Nxb5 Nxb5 24. Bxg7 Kxg7 25. cxb5 Bxb5 26. Qb2+ e5 27. Nd5 Qa7 28. Qd2 h6 29. Qe3 Qb7 30. Qf3 Nd7 31. Rxc8 Rxc8 32. Bh3 Rc2 33. Bxd7 Qxd7 34. Qf6+ Kh7 35. hxg6+ fxg6 36. Qf8 Rxf2 37. Kxf2 Qa7+ 38. Kg2 1-0

[Event "Topusko op 3rd"]
[Site "Topusko"]
[Date "2014.08.15"]
[Round "9"]
[White "Mravunac, Damir"]
[Black "Grgic, Neomi"]
[Result "0-1"]
[WhiteElo "2125"]
[BlackElo "1908"]
[PlyCount "116"]
[EventDate "2014.08.08"]
[EventType "swiss"]
[EventRounds "9"]
[EventCountry "CRO"]
[SourceTitle "CBM 162 Extra"]
[Source "ChessBase"]
[SourceDate "2014.10.17"]
[SourceVersion "1"]
[SourceVersionDate "2014.10.17"]
[SourceQuality "1"]

1. e4 e5 2. Bc4 Nf6 3. Qf3 Nc6 4. Ne2 Bc5 5. d3 d6 6. h3 Be6 7. Nbc3 Nb4 8. Kd1 Qe7 9. g4 Bxc4 10. dxc4 c6 11. a3 Na6 12. Bg5 Nc7 13. Ng3 Ne6 14. Bxf6 Qxf6 15. Qxf6 gxf6 16. Nh5 Ke7 17. Rf1 Bd4 18. Kd2 Ng5 19. f3 Bxc3+ 20. Kxc3 Nxh3 21. Rad1 Rad8 22. Rd2 Ng5 23. b4 Rd7 24. Rd3 Rhd8 25. Rfd1 Ne6 26. Kb2 Nc7 27. Ng7 d5 28. Nf5+ Ke8 29. cxd5 cxd5 30. exd5 Rxd5 31. Rxd5 Nxd5 32. Rh1 Ne7 33. Ne3 Rd2 34. Rxh7 Ng6 35. Nc4 Rd4 36. Kb3 b5 37. Ne3 Rf4 38. Rh3 Nh4 39. c3 Rxf3 40. Rxh4 Rxe3 41. Rh8+ Kd7 42. Ra8 Rd3 43. Rxa7+ Ke6 44. a4 bxa4+ 45. Kc4 e4 46. b5 Rd6 47. Rxa4 e3 48. Kc5 Rd5+ 49. Kc6 e2 50. Ra8 Rd7 51. Ra1 Rd1 52. Ra8 Rd6+ 53. Kc7 Rd7+ 54. Kc6 e1Q 55. Re8+ Re7 56. Rxe7+ Kxe7 57. c4 Qe4+ 58. Kb6 Qxc4 0-1

[Event "Topusko op 3rd"]
[Site "Topusko"]
[Date "2014.08.11"]
[Round "5"]
[White "Matovic, Petar"]
[Black "Mravunac, Damir"]
[Result "1-0"]
[WhiteElo "2219"]
[BlackElo "2125"]
[PlyCount "125"]
[EventDate "2014.08.08"]
[EventType "swiss"]
[EventRounds "9"]
[EventCountry "CRO"]
[SourceTitle "CBM 162 Extra"]
[Source "ChessBase"]
[SourceDate "2014.10.17"]
[SourceVersion "1"]
[SourceVersionDate "2014.10.17"]
[SourceQuality "1"]

1. d4 e6 2. e4 b6 3. Bd3 Bb7 4. Nf3 h6 5. Qe2 Nc6 6. c3 g5 7. h3 Bg7 8. Nbd2 Nge7 9. d5 Ne5 10. Nxe5 Bxe5 11. Nf3 Ng6 12. Nxe5 Nxe5 13. Ba6 Bxa6 14. Qxa6 Qe7 15. Be3 exd5 16. exd5 0-0 17. 0-0-0 c5 18. dxc6 dxc6 19. Rhe1 c5 20. f4 Ng6 21. fxg5 hxg5 22. Qc4 Rad8 23. Rxd8 Rxd8 24. Bd2 Ne5 25. Qe2 f6 26. Kc2 Qd7 27. b3 b5 28. Bc1 c4 29. Qe4 Qd3+ 30. Qxd3 cxd3+ 31. Kd1 Rd5 32. Be3 a6 33. Kd2 Kf7 34. Bd4 Ng6 35. g3 b4 36. Kxd3 Ne5+ 37. Kc2 Nf3 38. Rd1 Ke6 39. Ba7 Ra5 40. cxb4 Rxa2+ 41. Kc3 Rh2 42. Bb8 Ne5 43. Rd6+ Kf5 44. Rxa6 Rxh3 45. b5 Rxg3+ 46. Kb4 Nd3+ 47. Kc4 Nb2+ 48. Kb4 Re3 49. b6 Nd3+ 50. Kb5 Nf4 51. b4 Nd5 52. b7 Re8 53. Bd6 Nc3+ 54. Kc4 Ne4 55. b8Q Rxb8 56. Bxb8 g4 57. b5 g3 58. b6 g2 59. Bh2 Nd2+ 60. Kb5 Nf3 61. Ra2 Nxh2 62. Rxg2 Nf3 63. Rf2 1-0

[Event "Topusko op 3rd"]
[Site "Topusko"]
[Date "2014.08.10"]
[Round "4"]
[White "Mravunac, Damir"]
[Black "Kerman, Josip"]
[Result "1-0"]
[WhiteElo "2125"]
[BlackElo "1700"]
[PlyCount "69"]
[EventDate "2014.08.08"]
[EventType "swiss"]
[EventRounds "9"]
[EventCountry "CRO"]
[SourceTitle "CBM 162 Extra"]
[Source "ChessBase"]
[SourceDate "2014.10.17"]
[SourceVersion "1"]
[SourceVersionDate "2014.10.17"]
[SourceQuality "1"]

1. Nf3 d6 2. g3 e5 3. c4 Nf6 4. Bg2 Nc6 5. d3 Be7 6. 0-0 0-0 7. Nc3 Nd4 8. b4 Nxf3+ 9. Bxf3 c6 10. Bg5 Bh3 11. Re1 Re8 12. Rb1 Qd7 13. a4 h6 14. Bxf6 Bxf6 15. a5 Rad8 16. Qa4 Bg5 17. a6 Bd2 18. axb7 Bxc3 19. Bxc6 Qe7 20. Rec1 Bd4 21. e3 Bb6 22. c5 Bc7 23. Qxa7 Qf6 24. Qa2 Rf8 25. Be4 Be6 26. Qa6 d5 27. Bg2 Bf5 28. Qxf6 gxf6 29. Rb3 e4 30. b5 exd3 31. b6 d2 32. Rd1 Bc2 33. Rxd2 Bxb3 34. bxc7 Rde8 35. Bh3 1-0

[Event "Velika Gorica op 11th"]
[Site "Velika Gorica"]
[Date "2013.08.23"]
[Round "5"]
[White "Peric, Davor"]
[Black "Mravunac, Damir"]
[Result "1/2-1/2"]
[WhiteElo "1895"]
[BlackElo "2151"]
[PlyCount "93"]
[EventDate "2013.08.19"]
[EventType "swiss"]
[EventRounds "9"]
[EventCountry "CRO"]
[SourceTitle "CBM 156 Extra"]
[Source "ChessBase"]
[SourceDate "2013.10.22"]
[SourceVersion "1"]
[SourceVersionDate "2013.10.22"]
[SourceQuality "1"]

1. d4 e6 2. Nf3 f5 3. g3 b6 4. Bg2 Bb7 5. 0-0 Nf6 6. c4 a5 7. Nc3 Bb4 8. Bf4 Bxc3 9. bxc3 d6 10. a4 Nbd7 11. Qb3 Qe7 12. Bc1 0-0 13. Ba3 Rab8 14. Rad1 Be4 15. Ne1 Bxg2 16. Kxg2 g5 17. Nd3 Rf7 18. Ne5 Nxe5 19. dxe5 Ne8 20. exd6 cxd6 21. Rd3 Qb7+ 22. Kg1 Rd7 23. Rfd1 Qc7 24. c5 d5 25. Rb1 Qc6 26. Qb5 Qxb5 27. Rxb5 Rdb7 28. cxb6 Rxb6 29. Rxa5 Rb1+ 30. Kg2 Ra1 31. Bb4 Ra2 32. Re3 Rb6 33. Rb5 Rc6 34. a5 Kf7 35. Rb6 Rxb6 36. axb6 Ra8 37. Rd3 Rb8 38. Bc5 Nf6 39. Rd1 Nd7 40. Be3 f4 41. gxf4 gxf4 42. Bxf4 Rg8+ 43. Kf1 Nxb6 44. Ra1 Kf6 45. Ra7 h5 46. Rh7 Rg4 47. Bc7 1/2-1/2

[Event "Topusko op 2nd"]
[Site "Topusko"]
[Date "2013.08.09"]
[Round "7"]
[White "Mravunac, Damir"]
[Black "Zugaj, Marijan"]
[Result "1-0"]
[WhiteElo "2151"]
[BlackElo "1911"]
[PlyCount "115"]
[EventDate "2013.08.03"]
[EventType "swiss"]
[EventRounds "7"]
[EventCountry "CRO"]
[SourceTitle "CBM 155 Extra"]
[Source "ChessBase"]
[SourceDate "2013.08.26"]
[SourceVersion "1"]
[SourceVersionDate "2013.08.26"]
[SourceQuality "1"]

1. e4 e5 2. Bc4 Nf6 3. Qf3 Bc5 4. Nc3 0-0 5. Nge2 c6 6. a4 d6 7. h3 Be6 8. d3 d5 9. exd5 cxd5 10. Ba2 Nc6 11. Bg5 Nd4 12. Nxd4 Bxd4 13. Bxf6 Bxc3+ 14. bxc3 gxf6 15. 0-0 Kh8 16. Rab1 Rg8 17. Rxb7 e4 18. Qh5 Rg5 19. Qh4 f5 20. Kh1 Qf6 21. Rfb1 Qg6 22. Qf4 Qf6 23. dxe4 Rag8 24. Bxd5 Rxg2 25. Rb8 Qxc3 26. Rxg8+ Rxg8 27. Qe3 Qe5 28. Rd1 f4 29. Qd4 Qxd4 30. Rxd4 Bxh3 31. Kh2 Bg2 32. Bxf7 Rg5 33. Rd8+ Kg7 34. Rg8+ Kxf7 35. Rxg5 Bxe4 36. Rc5 Ke6 37. c3 a6 38. Kh3 Bf3 39. Kh4 h6 40. Ra5 Be2 41. c4 Bxc4 42. Kg4 Kd6 43. Kxf4 Kc6 44. Rh5 Kb6 45. a5+ Kc6 46. Ke3 Bf7 47. Rxh6+ Kb5 48. Rf6 Bc4 49. Kd4 Bf1 50. Rb6+ Kxa5 51. Rb1 Be2 52. Kc5 Ka4 53. f4 Bd3 54. Rb6 Ka3 55. Kd4 Be2 56. f5 a5 57. f6 Bh5 58. Rb5 1-0

[Event "Topusko op 2nd"]
[Site "Topusko"]
[Date "2013.08.07"]
[Round "5"]
[White "Vucic, Mihovil"]
[Black "Mravunac, Damir"]
[Result "1-0"]
[WhiteElo "2062"]
[BlackElo "2151"]
[PlyCount "99"]
[EventDate "2013.08.03"]
[EventType "swiss"]
[EventRounds "7"]
[EventCountry "CRO"]
[SourceTitle "CBM 155 Extra"]
[Source "ChessBase"]
[SourceDate "2013.08.26"]
[SourceVersion "1"]
[SourceVersionDate "2013.08.26"]
[SourceQuality "1"]

1. e4 c5 2. Nf3 e6 3. c3 a6 4. d4 b5 5. Bd3 Nf6 6. 0-0 Be7 7. Qe2 Bb7 8. Re1 d6 9. Bg5 Nbd7 10. Nbd2 0-0 11. e5 Bxf3 12. Nxf3 dxe5 13. dxe5 Nd5 14. Qe4 g6 15. Qh4 Re8 16. Rad1 Nf8 17. Be4 Ra7 18. Rd3 Rd7 19. Red1 c4 20. Rd4 a5 21. h3 Bxg5 22. Nxg5 Kg7 23. Qg4 b4 24. Rxc4 h6 25. Nf3 bxc3 26. bxc3 h5 27. Qg5 Qb6 28. Rcd4 Red8 29. Bxd5 exd5 30. Rh4 Nh7 31. Qg3 Kh8 32. Qf4 Rg8 33. Qh6 f6 34. exf6 Qxf6 35. Rhd4 Rgd8 36. c4 Kg8 37. cxd5 Rd6 38. Rf4 Qb2 39. Re4 Qf6 40. Rde1 Qf8 41. Qxf8+ Nxf8 42. Ne5 Kg7 43. Nc6 R8d7 44. Nxa5 Rxd5 45. Nc4 Rc5 46. a4 Rdc7 47. Nd6 Rd7 48. Ne8+ Kf7 49. g4 Ra5 50. Rf4+ 1-0

[Event "Topusko op 2nd"]
[Site "Topusko"]
[Date "2013.08.04"]
[Round "2"]
[White "Vujnovic, Marko"]
[Black "Mravunac, Damir"]
[Result "0-1"]
[WhiteElo "1949"]
[BlackElo "2151"]
[PlyCount "76"]
[EventDate "2013.08.03"]
[EventType "swiss"]
[EventRounds "7"]
[EventCountry "CRO"]
[SourceTitle "CBM 155 Extra"]
[Source "ChessBase"]
[SourceDate "2013.08.26"]
[SourceVersion "1"]
[SourceVersionDate "2013.08.26"]
[SourceQuality "1"]

1. e4 c5 2. Nf3 e6 3. d4 cxd4 4. Nxd4 a6 5. Nc3 Qc7 6. Be3 Nf6 7. Qd2 Bb4 8. Bd3 d5 9. a3 Bxc3 10. bxc3 dxe4 11. Be2 0-0 12. Rd1 b5 13. Bg5 Nd5 14. c4 bxc4 15. 0-0 Qc5 16. Kh1 f6 17. Bg4 f5 18. Be2 f4 19. Bg4 e3 20. fxe3 Nxe3 21. Nxe6 Bxe6 22. Bxe6+ Kh8 23. Bxf4 Nxf1 24. Rxf1 Nc6 25. Re1 Rad8 26. Qc1 Rfe8 27. Bc7 Rd4 28. Bg3 Nd8 29. Bf5 Rxe1+ 30. Qxe1 Qf8 31. Be5 Rd5 32. g4 Nf7 33. Bb2 Qd8 34. Kg2 Rd2+ 35. Kh3 Ng5+ 36. Kg3 Nf7 37. h4 c3 38. Bxc3 Qc7+ 0-1